Provincial Capitals - Canada - Statistics

General Stats
  • This quiz has been taken 31 times
  • The average score is 10 of 13
Answer Stats
Hint Answer % Correct
Quebec Québec City
96%
Ontario Toronto
92%
Manitoba Winnipeg
85%
Newfoundland & Labrador St. Johns
81%
Alberta Edmonton
77%
Nunavut Iqaluit
77%
British Columbia Victoria
77%
Northwest Territories Yellowknife
77%
Nova Scotia Halifax
73%
Saskatchewan Regina
73%
Yukon Whitehorse
73%
Prince Edward's Island Charlottetown
69%
New Brunswick Fredericton
62%
No matching quizzes found
Score Distribution
Percent of People with Each Score
Percentile by Number Answered
Your Score History
You have not taken this quiz